| 000 | 01247nam a2200409 c 4500 | ||
|---|---|---|---|
| 001 | 24054 | ||
| 003 | ES-MaCES | ||
| 005 | 20150929135630.0 | ||
| 008 | 111026s2011 sp d 000 | spa d | ||
| 017 |
_aAS 552-2011 _bDL |
||
| 020 | _a9788497045605 | ||
| 035 | _aCES20110008334m | ||
| 040 |
_aES-MaCES _bspa _cES-MaCES |
||
| 100 | 1 |
_aSánchez Hernampérez, Arsenio _923261 |
|
| 245 | 1 | 4 |
_aLos desastres en los archivos _b: cómo planificarlos : (una guía en siete pasos) _cArsenio Sánchez Hernampérez |
| 260 |
_aGijón _bTrea _c[2011] |
||
| 300 |
_a183 p. _c22 cm |
||
| 490 | 1 |
_aArchivos Siglo XXI _v22 |
|
| 504 | _aBibliografía | ||
| 541 | _cCompra | ||
| 650 | 4 |
_aarchivos _928922 |
|
| 650 | 4 |
_acatástrofe natural _928728 |
|
| 650 | 4 |
_aincendio _928731 |
|
| 650 | 4 |
_aaccidente _929648 |
|
| 650 | 4 |
_ariesgo _929564 |
|
| 650 | 4 |
_aseguridad _928751 |
|
| 650 | 4 |
_aseguridad en el trabajo _928348 |
|
| 650 | 4 |
_aformación sobre seguridad _929961 |
|
| 650 | 4 |
_aplanificación _927021 |
|
| 650 | 4 |
_aguía _929262 |
|
| 653 | 1 | 0 | _aBiblioteconomía |
| 650 | 4 |
_928727 _acatástrofe |
|
| 830 | 0 |
_aArchivos Siglo XXI _v22 _934372 |
|
| 902 | _aLIB Libro | ||
| 942 |
_2CES _cBK _h9.0. |
||
| 999 |
_c24054 _d24054 |
||